| 000 | 00678nam a22001937a 4500 | ||
|---|---|---|---|
| 999 |
_c62575 _d62575 |
||
| 005 | 20241209172858.0 | ||
| 008 | 241209s2017 enk||||| |||| 00| 0 eng d | ||
| 020 | _a9781947524019x | ||
| 041 | _aeng | ||
| 080 | _a005 H-11 | ||
| 100 |
_aHabtewold, Assegid W. _923933 |
||
| 245 |
_aSoft Skills That Make or Break Your Success: _b12 Soft skills to master self, get along with, and lead others successfully / _cAssegid W. Habtewold. |
||
| 264 |
_aSan Bernardinio : _bSuccess Pathways Press, _c2017. |
||
| 300 |
_a222 p.; _b23 cm. |
||
| 653 | _aუნარები | ||
| 653 | _aმენეჯმენტი | ||
| 653 | _aმართვა | ||
| 942 |
_2udc _cᲬᲘᲒᲜᲘ |
||